Rua 46 (Record no. 163154)

MARC details
000 -LÍDER
campo de controle de tamanho fixo 00334 a2200169 4500
001 - NÚMERO DE CONTROLE
campo de controle 163154
020 ## - ISBN - INTERNATIONAL STANDARD BOOK NUMBER
ISBN - International Standard Book Number 85-02-01524-9
040 ## - FONTE DA CATALOGAÇÃO
Instituição que transcreveu o registro Magnum
100 ## - ENTRADA PRINCIPAL--NOME PESSOAL
Nome pessoal Braz, Julio Emilio
240 10 - TÍTULO UNIFORME
Título uniforme Rua 46
Idioma da obra por
245 10 - TÍTULO
Título Rua 46
300 ## - DESCRIÇÃO FÍSICA
Extensão 131
362 0# - DATAS DE PUBLICAÇÃO E/OU DESIGNAÇÃO SEQUENCIAL
Datas de publicação e/ou designação sequencial 1997
440 #1 - DECLARAÇÃO DE SÉRIE/ENTRADA ADICIONADA--TÍTULO
Título Saraiva
697 ## - ENTRADA DE ASSUNTO LOCAL--ENTIDADE COLETIVA (RLIN)
Nome corporativo ou nome da jurisdição LITERATURA JUVENIL
942 ## - ELEMENTOS DE ENTRADA ADICIONADOS (KOHA)
Tipo de material Koha Livros
Holdings
Situação do descarte Situação das perdas Situação física Não pode ser emprestado Biblioteca de origem Biblioteca atual Data de aquisição Total de empréstimos Número de chamada completo Código de barras Data de último acesso Data do preço efetivo Tipo de material Koha
        Magnum Magnum 08/06/2024   869.3.248 MAG00006714 08/06/2024 08/06/2024 Livros
        Magnum Magnum 08/06/2024   869.3.248 MAG00006715 08/06/2024 08/06/2024 Livros
        Magnum Magnum 08/06/2024   869.3.248 MAG00006716 08/06/2024 08/06/2024 Livros
        Magnum Magnum 08/06/2024   869.3.248 MAG00006717 08/06/2024 08/06/2024 Livros
        Magnum Magnum 08/06/2024   869.3.248 MAG00006718 08/06/2024 08/06/2024 Livros
        Magnum Magnum 08/06/2024   869.3.248 MAG00006719 08/06/2024 08/06/2024 Livros